000 00563cam a2200145 4500500
005 20260111094609.0
041 _afre
042 _adc
100 1 0 _aBricon, Stéphanie
_eauthor
245 0 0 _aPierre Coftier, Mineurs de charbon en Normandie, xviiie-xxe siècles, Cabourg, Cahiers du Temps, 2006, 224 p.
260 _c2009.
500 _a1
786 0 _nHistoire & Sociétés Rurales | 31 | 1 | 2009-07-09 | p. 195w-279w | 1254-728X
856 4 1 _uhttps://shs.cairn.info/revue-histoire-et-societes-rurales-2009-1-page-195w?lang=fr&redirect-ssocas=7080
999 _c1628846
_d1628846